भारत की गरिमा-अमरीका की शान : (Record no. 120457)

MARC details
000 -LEADER
fixed length control field 01377nam a22003017a 4500
003 - CONTROL NUMBER IDENTIFIER
control field dpl
005 - DATE AND TIME OF LATEST TRANSACTION
control field 20181208155558.0
008 - FIXED-LENGTH DATA ELEMENTS--GENERAL INFORMATION
fixed length control field 181208b ||||| |||| 00| 0 eng d
010 ## - LIBRARY OF CONGRESS CONTROL NUMBER
LC control number B-151052
020 ## - INTERNATIONAL STANDARD BOOK NUMBER
Terms of availability 300.00
International Standard Book Number 8188162116
035 ## - SYSTEM CONTROL NUMBER
System control number B-151052
035 ## - SYSTEM CONTROL NUMBER
System control number B-151067
037 ## - SOURCE OF ACQUISITION
Source of stock number/acquisition Cen Lib/Ret
040 ## - CATALOGING SOURCE
Original cataloging agency DPL
Language of cataloging HN
Transcribing agency dpl
082 ## - DEWEY DECIMAL CLASSIFICATION NUMBER
Classification number 629.450092
Item number भाटिया
100 ## - MAIN ENTRY--PERSONAL NAME
Personal name भाटिया, सुदर्शन
9 (RLIN) 90520
245 ## - TITLE STATEMENT
Title भारत की गरिमा-अमरीका की शान :
Remainder of title सुदर्शन भाटिया
Statement of responsibility, etc डॉ कल्पना चावला /
246 ## - VARYING FORM OF TITLE
Title proper/short title Bharat kee garima America kee shaan : Dr. Kalpana Chawla /
Remainder of title by Sudarshan Bhatiya
260 ## - PUBLICATION, DISTRIBUTION, ETC. (IMPRINT)
Place of publication, distribution, etc दिल्ली
Name of publisher, distributor, etc हर्षिता प्रकाशन
Date of publication, distribution, etc 2006
270 ## - ADDRESS
Address ई-11/5, कृष्णा नगर
City दिल्ली
Postal code 110051
300 ## - PHYSICAL DESCRIPTION
Extent 288पृ.
Dimensions 21सेमी(सजिल्द)
500 ## - GENERAL NOTE
General note अनुक्रमणिका शामिल
650 ## - SUBJECT ADDED ENTRY--TOPICAL TERM
Topical term or geographic name as entry element अन्तरिक्ष यात्री--कल्पना चावला
9 (RLIN) 83208
650 ## - SUBJECT ADDED ENTRY--TOPICAL TERM
Topical term or geographic name as entry element कल्पना चावला--जीवनी
9 (RLIN) 90521
650 ## - SUBJECT ADDED ENTRY--TOPICAL TERM
Topical term or geographic name as entry element Astronaut--Kalpana Chawla
9 (RLIN) 90522
650 ## - SUBJECT ADDED ENTRY--TOPICAL TERM
Topical term or geographic name as entry element Kalpana Chawla--Biography
9 (RLIN) 90523
942 ## - ADDED ENTRY ELEMENTS (KOHA)
Source of classification or shelving scheme Dewey Decimal Classification
Koha item type Hindi Books
Classification part 629.450092
Call number suffix भाटिया
Holdings
Withdrawn status Lost status Damaged status Not for loan Home library Current library Date acquired Source of acquisition Cost, normal purchase price Total Checkouts Full call number Barcode Date last seen Copy number Cost, replacement price Price effective from Koha item type Source of classification or shelving scheme Collection code Total Renewals Date checked out
        Central Library Central Library 22/09/2015 Cen Lib/Ret 300.00   629.450092 भाटिया B-151052 22/09/2015 1 300.00 22/09/2015 Hindi Books        
        Central Library Central Library 26/11/2016 Cen Lib/Ret     629.450092 भाटिया B-254452 26/11/2016 2 300.00 26/11/2016 Hindi Books Dewey Decimal Classification      
        Sarojini Nagar Sarojini Nagar 08/12/2018 हर्षिता प्रकाशन 300.00 2 629.450092 भाटिया B-151067 09/02/2024   300.00 08/12/2018 Hindi Books Dewey Decimal Classification Non-fiction 1 15/01/2024

© Delhi Public Library
Hit Counter
free hit counter